MEDIO SIGLO DE FINANCIAMIENTO Y PROMOCION DEL COMERCIO EXTERIOR DE MEXICO (Registro nro. 45746)
[ vista simple ]
| 000 -LEADER | |
|---|---|
| fixed length control field | 01088nam a2200181 a 4500 |
| 001 - CONTROL NUMBER | |
| control field | 45746 |
| 005 - DATE AND TIME OF LATEST TRANSACTION | |
| control field | 20180714025043.0 |
| 008 - FIXED-LENGTH DATA ELEMENTS--GENERAL INFORMATION | |
| fixed length control field | 140415s1987 mx 000 0 spa d |
| 020 ## - INTERNATIONAL STANDARD BOOK NUMBER | |
| International Standard Book Number | 9681203631 |
| 041 ## - LANGUAGE CODE | |
| Language code of text/sound track or separate title | spa |
| 082 ## - DEWEY DECIMAL CLASSIFICATION NUMBER | |
| Classification number | 382.0972 |
| Item number | MED |
| 245 00 - TITLE STATEMENT | |
| Title | MEDIO SIGLO DE FINANCIAMIENTO Y PROMOCION DEL COMERCIO EXTERIOR DE MEXICO |
| 250 ## - EDITION STATEMENT | |
| Edition statement | 1a ed. |
| 260 ## - PUBLICATION, DISTRIBUTION, ETC. | |
| Place of publication, distribution, etc. | MEXICO : |
| Name of publisher, distributor, etc. | BANCO NACIONAL DE COMERCIO EXTERIOR, |
| Date of publication, distribution, etc. | 1987 |
| 300 ## - PHYSICAL DESCRIPTION | |
| Extent | 477 |
| Dimensions | 15 x 1.5 x 22 |
| 520 ## - SUMMARY, ETC. | |
| Summary, etc. | PARA RELATAR LA HISTORIA RECIENTE DE LAS RELACIONES COMERCIALES ENTRE MÉXICO Y ESTADOS UNIDOS S NECESARIO CONTAR CON UN ESQUEMA QUE PERMITA LLEVAR A CABO EL ANÁLISIS CON CIERTA PROPIEDAD. PARA ESTE TRABAJO HEMOS TENIDO EN CUENTA, EN PRIMER LUGAR, QUE LA HISTORIA DEL BANCO NACIONAL DE COEMERCIO EXTERIOR NO CORRE PARALELA A LA DE NUESTRAS RELACIONES COMERCIALES CON ESTADOS UNIDOS, Y EN SEGUNDO LUGAR QUE LOS ACONTECIMIENTOS QUE SE HAN SUCEDIDO EN ESA RELACIÓN REBASA EL CAMPO DEL FIANCIMIE |
| 650 14 - SUBJECT ADDED ENTRY--TOPICAL TERM | |
| Topical term or geographic name entry element | BALANZA COMERCIAL |
| General subdivision | COMERCIO EXTERIOR |
| -- | MEXICO |
| -- | ECONOMIA |
| -- | MEXICO |
| -- | ESTADISTICAS |
| -- | EXPORTACIONES |
| Withdrawn status | Lost status | Source of classification or shelving scheme | Damaged status | Not for loan | Collection code | Home library | Current library | Shelving location | Date acquired | Source of acquisition | Inventory number | Total Checkouts | Full call number | Barcode | Date last seen | Price effective from | Koha item type |
|---|---|---|---|---|---|---|---|---|---|---|---|---|---|---|---|---|---|
| Dewey Decimal Classification | General | Biblioteca Karol Wojtyla | Biblioteca Karol Wojtyla | Sala general | 03/12/2013 | Compra | 151000000000000000044750 | 382.0972 MED | 68699 | 05/01/2026 | 03/12/2013 | Libro |